College english and communication

College English and Communication, eighth edition continues to provide up-to-date coverage of key topics such as cultural diversity, ethics, global communications, electronic communications, and using the Internet for communication and online resources. The text covers the basics of grammar, spellin...

Descripció completa

Guardat en:
Dades bibliogràfiques
Autor principal: Camp, Sue C.
Format: Llibre
Idioma:Undetermined
Publicat: New York Glencoe/McGraw-Hill 2002
Matèries:
Etiquetes: Afegir etiqueta
Sense etiquetes, Sigues el primer a etiquetar aquest registre!
Thư viện lưu trữ: Trung tâm Học liệu Trường Đại học Cần Thơ
LEADER 01065nam a2200205Ia 4500
001 CTU_141172
008 210402s9999 xx 000 0 und d
082 |a 808.06665 
082 |b C186 
100 |a Camp, Sue C. 
245 0 |a College english and communication 
245 0 |c Sue C. Camp, Marilyn L. Satterwhite 
260 |a New York 
260 |b Glencoe/McGraw-Hill 
260 |c 2002 
520 |a College English and Communication, eighth edition continues to provide up-to-date coverage of key topics such as cultural diversity, ethics, global communications, electronic communications, and using the Internet for communication and online resources. The text covers the basics of grammar, spelling, and punctuation while incorporating customer service, business correspondence, the job search process, oral communication, and technology. 
650 |a English language,English language,Tiếng Anh 
650 |x Business English,Grammar,Bài tập kinh doanh 
904 |i Năm (sửa) 
980 |a Trung tâm Học liệu Trường Đại học Cần Thơ